| 000 | 01097nam a22003377a 4500 | ||
|---|---|---|---|
| 003 | CHAP | ||
| 005 | 20220817042107.0 | ||
| 008 | 971013s1980 r 00010 d | ||
| 010 | _a34357 | ||
| 011 | _a35329 | ||
| 035 | _a39445 | ||
| 040 | _cCHAP | ||
| 082 |
_a519.7 _bL9 |
||
| 100 | 0 | 0 |
_aLyczak, Richard A. _969259 |
| 245 |
_aElementary programming for statistics _b: FORTRAN and BASIC programming for statistical analysis |
||
| 260 |
_aBelmont, Ca. : _bWadsworth, _c1980 |
||
| 300 | _a197 p. | ||
| 590 |
_aBATCH-UPD _b10 _c20130110 _lUCH01 _h0201 |
||
| 590 |
_aBATCH-UPD _b10 _c20130110 _lUCH01 _h1154 |
||
| 590 |
_aBATCH-UPD _b10 _c20130409 _lUCH01 _h2209 |
||
| 590 |
_aBATCH-UPD _b10 _c20130410 _lUCH01 _h0737 |
||
| 590 |
_aBATCH-UPD _b10 _c20130914 _lUCH01 _h0544 |
||
| 590 |
_aCONVERSION _b10 _c20130109 _lUCH01 _h1319 |
||
| 650 | 1 | 4 |
_aBASIC (Programación) _910695 |
| 650 | 1 | 4 |
_aEstadística. _938241 |
| 650 | 1 | 4 |
_aFORTRAN (Programación) _942651 |
| 650 | 1 | 4 | _aProgramación. |
| 901 | _aBK | ||
| 942 | _cLIBRO | ||
| 949 |
_a519.7 L9 _bBC _cLIBRO _d33724000382594 _eLIBRO _h45455 _i39445 _si _t329.00 |
||
| 999 |
_c34357 _d34357 |
||